| 000 | 01288nam a2200313 a 4500 | ||
|---|---|---|---|
| 001 | BRCA_6796 | ||
| 005 | 20190320205608.0 | ||
| 008 | 031111s1900----enka######---#000-0#eng-# | ||
| 041 | _aeng | ||
| 044 | _aenk | ||
| 050 | 4 |
_aPZ3 _b.N49 2 1900 |
|
| 100 | 1 |
_aThackeray, William Makepeace _d1811-1863 _916943 |
|
| 245 | 1 | 0 |
_aMen´s wives, The Bedford-Row conspiracy, Etc., Etc. _cby William Makepeace Thackeray. |
| 260 |
_aLondres _bThomas Nelson and Sons _c1900 |
||
| 300 |
_aix, 598 p. _bil. _c16 cm. |
||
| 440 | 0 |
_aNew century library. The works of William Makepeace Thackeray _vv.8 _916944 |
|
| 500 | _aEdición dividida en 6 temas: 1. Men´s Wives. 2. The Bedford-Row Conspiracy. 3. A Little Dinner at Timmins´s. 4. The history of Samuel Titmarsh and the Great Hoggarty Diamond. 5. The memoirs of Mr. C. J. Yellowplush. 6. Character Sketches | ||
| 500 | _aEdición con canto de cabeza dorado | ||
| 500 | _aVer también N5, N7 y N8 | ||
| 500 | _aN6 | ||
| 650 | 1 | 4 |
_aLiteratura inglesa _916945 |
| 740 | 0 | _aThe Bedford-Row Conspiracy | |
| 740 | 0 | _aA Little Dinner at Timmins´s | |
| 740 | 0 | _aThe history of Samuel Titmarsh and the Great Hoggarty Diamond | |
| 740 | 0 | _aThe memoirs of Mr. C. J. Yellowplush | |
| 740 | 0 | _aCharacter Sketches | |
| 902 | _aGFM | ||
| 942 |
_2lcc _cB |
||
| 999 |
_c6479 _d6479 |
||